000 01876ngm a22003970a 4500
001 PT41413
003 AR-LpoUNG
005 20210201235912.0
007 vd cvaizq
008 191001s1979||||ag |||||||||||||||||spa d
037 _c$8.75
040 _aAR-LpoUNG
_bspa
_cAR-LpoUNG
_eaacr
041 _aspa
044 _aag
082 0 _a982.064 574aaa
100 1 _aDenti, Jorge
_edir.
245 1 4 _aLas AAA son la tres armas :
_bcarta abierta de Rodolfo Walsh a la junta militar (1977)
250 _a1§ edición
260 _aBuenos Aires :
_bBlackman,
_c1979.
300 _aDVD (15 min.) : son., byn
505 0 _aHecha en 1979.
520 _aLa Alianza Anticomunista Argentina (AAA) fue una organización paramilitar que durante los años 74/75 se dedicó al secuestro y asesinato de militantes populares, a partir del golpe de estado de 1976 los militares argentinos superaron ampliamente esta modalidad represiva, -desapareciendo- a mas de 30.000 personas. En esta trágica lista se encuentra el periodista y escritor Rodolfo Walsh, quien 24 horas antes de ser secuestrado, dirigió esta carta pública al gobierno del general Jorge Rafael Videla.Tras la desaparición en Buenos Aires de Raymundo Gleyzer, el resto del Grupo Cine de la base partió hacia el exilio, el sonidista Nerio Barberis y el realizador Jorge Denti se encontraron en Perú con el animador Uruguayo Walter Tournier y el fotógrafo argentino Julio Lencina y juntos realizaron este cortometraje, en forma artesanal dentro de un departamento.
650 4 _aARGENTINA
650 4 _aCENSURA
650 4 _aGOBIERNO MILITAR
650 4 _aHISTORIA
650 4 _aPERIODISMO
651 4 _aArgentina
653 _aCINE ARGENTINO
653 _aDOCUMENTALES
653 _aDVD
653 _aVIDEOS
710 2 _aCine de la Base (firma comercial)
905 _a41413
942 _cDVD
999 _c53738
_d53738